| 000 | 01135nam a2200313Ia 4500 | ||
|---|---|---|---|
| 008 | 130821s1991 ck gr spa | ||
| 020 | _a9589061125 | ||
| 040 |
_aCo-BoUCM _bspa |
||
| 041 | _aspa | ||
| 245 |
_aPasado y presente de la violencia en Colombia _cCompiladores Gonzalo Sánchez ; Ricardo Peñaranda |
||
| 260 |
_aBogotá (Colombia) _bCEREC _c1991 |
||
| 300 | _a486 páginas | ||
| 490 | _aSerie Historia contemporánea y realidad Nacional No. 5 | ||
| 504 | _aIncluye índice general | ||
| 650 | 0 | 4 |
_aActividades subversivas _98444 |
| 650 | 0 | 4 |
_aArmisticios _99359 |
| 650 | 0 | 4 |
_aBandoleros _xHistoriografía _99937 |
| 650 | 0 | 4 |
_aGuerra civil _916584 |
| 650 | 0 | 4 |
_aGuerra de los Mil Días _916604 |
| 650 | 0 | 4 |
_aGuerrillas _zColombia _916642 |
| 650 | 0 | 4 |
_aSociología _9386 |
| 650 | 0 | 4 |
_aTerrorismo _925425 |
| 650 | 0 | 4 |
_aViolencia _xHistoria _zColombia _98227 |
| 651 |
_aColombia _xHistoria _yPeriodo de la violencia, 1947-1957 _981671 |
||
| 700 |
_aPeñaranda, Ricardo. _eComp _9155057 |
||
| 700 |
_aSanchez, Gonzalo. _eComp _9104969 |
||
| 942 |
_cLIBRO _a5 _e1 _mP17 _2DEWEY _h303.62 |
||
| 999 |
_c3194 _d3194 |
||